Kinh tế - kỹ thuật nuôi ong
Đã lưu trong:
| Príomhúdar: | |
|---|---|
| Formáid: | Leabhar |
| Teanga: | Undetermined |
| Foilsithe: |
Thanh Hóa
Nxb. Thanh Hóa
2000
|
| Ábhair: | |
| Clibeanna: |
Cuir Clib Leis
Gan Chlibeanna, Bí ar an gcéad duine leis an taifead seo a chlibeáil!
|
| Thư viện lưu trữ: | Trung tâm Học liệu Trường Đại học Cần Thơ |
|---|
| LEADER | 00539nam a2200193Ia 4500 | ||
|---|---|---|---|
| 001 | CTU_37979 | ||
| 008 | 210402s9999 xx 000 0 und d | ||
| 020 | |b 16.000đ | ||
| 082 | |a 638.1 | ||
| 082 | |b Th116 | ||
| 100 | |a Ngô Đắc Thắng | ||
| 245 | 0 | |a Kinh tế - kỹ thuật nuôi ong | |
| 245 | 0 | |c Ngô Đắc Thắng | |
| 260 | |a Thanh Hóa | ||
| 260 | |b Nxb. Thanh Hóa | ||
| 260 | |c 2000 | ||
| 650 | |a bee culture,honeybee | ||
| 904 | |i Minh, 001010 | ||
| 980 | |a Trung tâm Học liệu Trường Đại học Cần Thơ | ||